| 000 | 00406nam a2200181Ia 4500 | ||
|---|---|---|---|
| 005 | 20250603145912.0 | ||
| 008 | 250603s9999 xx 000 0 und d | ||
| 020 | _a978-030-7141 | ||
| 050 | _aPZ 4 .I25 N35/ | ||
| 100 | _aIke, Chukwuemeka | ||
| 245 | 4 | _aThe naked Gods | |
| 260 | _aIbadan | ||
| 260 | _bUniversity Press Ltd | ||
| 260 | _c2009 | ||
| 300 | _a254 p | ||
| 650 | _aIbadan | ||
| 942 | _cBK | ||
| 999 |
_c43194 _d43194 |
||